000 01409nam a2200205 a 4500
008 161215e2013 ag ||||g |||| 00| f spa d
020 _a9789500744539
041 _aspa
092 _c863
_l3
_sALL
100 1 _aAllende, Isabel
_93210
245 3 _aEl bosque de los pigmeos /
_cIsabel Allende
250 _a1a ed.
260 _aBuenos Aires:
_bSudamericana;
_c2013.
300 _a224 p.
_c19x13 cm.
500 _aAllende, I. (2004). El bosque de los pigmeos. (1a ed.). Buenos Aires : Sudamericana.
505 _aNadia, Alexander y su abuela Kate, a quien le han encargado un gran reportaje, viajan al corazón de África. Su encuentro con el hermano Fernando, un misionero que está buscando a dos compañeros desaparecidos, marca el comiendo de esta nueva aventura la selva tropical africana, donde la caza clandestina del elefante y otros animales salvajes atrae a mercenarios sin escrúpulos. Los malvados son ahora los jefes de la Hermandad del Leopardo: el comandando Mbembelé, el brujo Sombe y el rey Kosongo, que ha esclavizado a la tribu de los pigmeos. Los protagonistas, empujados por la curiosidad primero y la solidaridad después, entrarán en contacto con la cultura de los pigmeos, a los que, con la ayuda del espíritu de la reina Nana-Asante, lograrán liberar de la esclavitud.
590 _aProyecto 4to libro. Donación Adriana Navarro
655 _aNovela
_93091
942 _2ddc
_cLIT
999 _c2376
_d2376